000 00429cam a22001337a 4500
008 180718b2013 xxu||||| |||| 00| 0 eng d
020 _a9788192570204
082 _aB136x54 F864
245 _aIndia's rural transformation and development:issues processes and direction
_cedited by Thomas G. Fraser
260 _aNew Delhi
_bSuryodaya
_c2013
300 _a124p.
650 _aRural development --India
700 _aFraser, Thomas G.
999 _c443196
_d443196